Todos los ganadores de Grandes Premios de Formula 1 - Estadísticas

Estadísticas generales
  • Esta prueba ha sido intentada 2.097 veces
    65 desde el último reinicio
  • La puntuación promedio es 41 de 116
Estadísticas de respuestas
Nº de victorias Piloto % Correcto
32 Fernando Alonso
98%
105 Lewis Hamilton
97%
91 Michael Schumacher
95%
6 Ralf Schumacher
95%
71 Max Verstappen
93%
41 Ayrton Senna
91%
4 Carlos Sainz
91%
53 Sebastian Vettel
90%
21 Kimi Raikkonen
88%
11 Lando Norris
86%
51 Alain Prost
81%
9 Oscar Piastri
81%
6 Sergio Pérez
79%
8 Charles Leclerc
78%
5 Keke Rosberg
78%
23 Nico Rosberg
78%
24 Juan Manuel Fangio
72%
25 Niki Lauda
72%
6 George Russell
71%
15 Jenson Button
71%
8 Daniel Ricciardo
69%
1 Esteban Ocon
69%
1 Pierre Gasly
69%
20 Mika Hakkinen
67%
10 Valtteri Bottas
64%
2 Andrea Kimi Antonelli
62%
6 Gilles Villeneuve
62%
11 Jacques Villeneuve
62%
11 Rubens Barrichello
62%
9 Mark Webber
60%
23 Nelson Piquet
60%
22 Damon Hill
59%
14 Graham Hill
59%
7 Juan Pablo Montoya
59%
31 Nigel Mansell
59%
3 Phil Hill
59%
1 Jochen Mass
57%
14 Emerson Fittipaldi
50%
1 Pastor Maldonado
50%
1 Robert Kubica
50%
13 Alberto Ascari
48%
27 Jackie Stewart
48%
10 James Hunt
48%
11 Felipe Massa
47%
3 Giancarlo Fisichella
47%
12 Mario Andretti
47%
5 Giuseppe Farina
45%
14 Jack Brabham
41%
13 David Coulthard
40%
1 Jarno Trulli
36%
25 Jim Clark
36%
12 Alan Jones
33%
1 Heikki Kovalainen
31%
12 Carlos Reutemann
29%
10 Gerhard Berger
29%
6 Jochen Rindt
28%
10 Jody Scheckter
28%
16 Stirling Moss
28%
1 ALESI Jean Alesi
26%
4 Bruce McLaren
24%
6 John Surtees
24%
6 Riccardo Patrese
24%
4 Eddie Irvine
22%
3 Mike Hawthorn
22%
7 René Arnoux
21%
8 Denny Hulme
19%
3 Heinz-Harald Frentzen
17%
5 Michele Alboreto
17%
1 Olivier Panis
17%
6 Jacques Laffite
16%
10 Ronnie Petterson
16%
5 Clay Regazzoni
14%
2 Jose-Froilán González
14%
8 Jacky Icxk
12%
5 John Watson
12%
2 Pedro Rodríguez
12%
3 Johnny Herbert
10%
1 Carlos Pace
9%
3 Didier Pironi
9%
6 Tony Brooks
9%
1 Alessandro Nannini
7%
2 Elio de Angelis
7%
2 Jean-Pierre Jabouille
7%
2 Patrick Tambay
7%
1 Gunnar Nilsson
5%
1 Lorenzo Bandini
5%
1 Luigi Fagioli
5%
3 Peter Collins
5%
3 Thierry Boutsen
5%
1 Vittorio Brambilla
5%
2 von Wolfgang von Trips
5%
1 François Cevert
3%
1 Innes Ireland
3%
1 Jean-Pierre Beltoise
3%
1 Jo Bonnier
3%
2 Jo Siffert
3%
2 Maurice Trintignant
3%
2 Peter Revson
3%
1 Piero Taruff
3%
2 Bill Vukovich
2%
1 Bob Sweikert
2%
4 Dan Gurney
2%
1 Giancarlo Baghetti
2%
1 Jimmy Bryan
2%
1 Jim Rathmann
2%
1 Johnnie Parsons
2%
1 Lee Wallard
2%
1 Ludovico Scarfiotti
2%
1 Luigi Musso
2%
1 Pat Flaherty
2%
2 Patrick Depailler
2%
1 Peter Gethin
2%
1 Richie Ginther
2%
1 Rodger Ward
2%
1 Sam Hanks
2%
1 Troy Ruttman
2%
No se encontraron pruebas coincidentes
Distribución de puntuación
Porcentaje de gente con cada puntuación
Porcentaje por número respondido
Historial de tus puntuaciones
No has intentado esta prueba desde el último reinicio